al-Baṭal fī al-adab wa-al-asāṭīr /

محفوظ في:

المؤلف الرئيسي: ʻAyyād, Shukrī Muḥammad (مؤلف)

التنسيق: كتاب

اللغة: Arabic

منشور في: al-Qāhirah : Dār al-Maʻrifah, 1959.

الطبعة: al-Ṭabʻah 1.

الموضوعات:

الوسوم: إضافة وسم

لا توجد وسوم, كن أول من يضع وسما على هذه التسجيلة!

رقم الطلب: PN56 .H5 A9 1959

LEADER 00947nam a2200241Ia 4500
003 OSt
005 20240117145453.0
008 130303s1959 ua 000 0 ara d
952 |0 0  |1 0  |2 lcc  |4 0  |6 PN0056 H5 A9 01959  |7 1  |9 59566  |a ARCE  |b ARCE  |d 2024-01-17  |l 0  |o PN56 .H5 A9 1959  |r 2024-01-17 00:00:00  |w 2024-01-17  |y BK 
999 |c 27312  |d 27312 
040 |c ARCE Library 
050 4 |a PN56 .H5 A9 1959 
100 1 |6 880-01  |a ʻAyyād, Shukrī Muḥammad,  |e author 
245 1 3 |6 880-02  |a al-Baṭal fī al-adab wa-al-asāṭīr /   |c Shukrī Muḥammad ʻAyyād. 
250 |a al-Ṭabʻah 1. 
264 1 |a al-Qāhirah :   |b Dār al-Maʻrifah,   |c 1959. 
300 |a 173 pages ;   |c 26 cm. 
504 |a Includes bibliographical references. 
650 0 |a Heroes in literature. 
880 1 |6 100-01/(3/r  |a عياد، شكري محمد 
880 1 2 |6 245-02/(3/r  |a البطل في الأدب و الأساطير   |c شكري محمد عياد 
901 |a reviewed 
942 |c BK  |2 lcc